Đồng cảm và Sáng tạo (Phê bình và tiểu luận)

Gồm một số bài nghiên cứu phê bình về tác phẩm sáng tác của các nhà văn, thơ Việt Nam: thơ Xuân Diệu qua 2 tác phẩm thơ thơ và gửi hương trong gió, truyện ngắn Chu Lai (Phố nhà bình), văn xuôi thời kì đổi mới...

محفوظ في:
التفاصيل البيبلوغرافية
المؤلف الرئيسي: Lý Hoài Thu
التنسيق: كتاب
اللغة:Vietnamese
منشور في: H. Nxb Văn học 2006
الموضوعات:
الوسوم: إضافة وسم
لا توجد وسوم, كن أول من يضع وسما على هذه التسجيلة!
Thư viện lưu trữ: Mạng thư viện Đại học Đà Nẵng
LEADER 01299nam a2200337 4500
001 000004189
003 320
005 20121211001201.0
008 110718s2006 viesd
020 |c 30000 
041 0 |a vie 
082 |a 895.9221  |b LY-T 
100 0 |a Lý Hoài Thu 
245 0 |a Đồng cảm và Sáng tạo  |b (Phê bình và tiểu luận)  |c Lý Hoài Thu 
260 |a H.  |b Nxb Văn học  |c 2006 
300 |a 279 
520 |a Gồm một số bài nghiên cứu phê bình về tác phẩm sáng tác của các nhà văn, thơ Việt Nam: thơ Xuân Diệu qua 2 tác phẩm thơ thơ và gửi hương trong gió, truyện ngắn Chu Lai (Phố nhà bình), văn xuôi thời kì đổi mới... 
653 |a Phê bình 
653 |a Tiểu luận 
700 |a Lý Hoài Thu 
910 |a Ngô Văn Dường 
OWN |a LSP 
AVA |a UDN50  |b LSP  |d 895.9221 LY-T  |e available  |t Error 5001 Not defined in file expand_doc_bib_avail.  |f 10  |g 0  |h N  |i 0  |k 1 
999 |a From the UDN01 
AVA |a UDN50  |b LSP  |d 895.9221 LY-T  |e available  |t Error 5001 Not defined in file expand_doc_bib_avail.  |f 10  |g 0  |h N  |i 0  |k 1 
TYP |a Monograph 
TYP |a Printed language 
980 |a Mạng thư viện Đại học Đà Nẵng